La Nueva España en la cartografía holandesa, XVI-XVIII = Nieuw-Spanje in de Nederlandse Cartografie, XVI-XVIII (Record no. 8189)

MARC details
000 -CABECERA
campo de control de longitud fija 01430nam a2200301 a 4500
001 - NÚMERO DE CONTROL
campo de control BRCA_8523
005 - FECHA Y HORA DE LA ÚLTIMA TRANSACCIÓN
campo de control 20190320210323.0
008 - DATOS DE LONGITUD FIJA--INFORMACIÓN GENERAL
campo de control de longitud fija 280716s2009----mx-ab#####---#000-0#spa-#
041 ## - CÓDIGO DE LENGUA
Código de lengua del texto/banda sonora o título independiente spaduteng
044 ## - CÓDIGO DEL PAÍS DE LA ENTIDAD EDITORA/PRODUCTORA
Código MARC del país mx
050 #4 - SIGNATURA TOPOGRÁFICA DE LA BIBLIOTECA DEL CONGRESO
Número de clasificación G1102.N4
Número de documento/Ítem .P47 2009
100 1# - ENTRADA PRINCIPAL--NOMBRE DE PERSONA
Nombre de persona Pérez Rosales, Laura
9 (RLIN) 9587
245 10 - MENCIÓN DE TÍTULO
Título La Nueva España en la cartografía holandesa, XVI-XVIII = Nieuw-Spanje in de Nederlandse Cartografie, XVI-XVIII
Mención de responsabilidad, etc. Laura Pérez Rosales, Arjen van der Sluis ; traducción al holandés Frank Silkens ; traducción al inglés Debra Emy Nagao Ogawa.
260 ## - PUBLICACIÓN, DISTRIBUCIÓN, ETC.
Lugar de publicación, distribución, etc. México
Nombre del editor, distribuidor, etc. Embajada del Reino de los Países Bajos
Fecha de publicación, distribución, etc. 2009
300 ## - DESCRIPCIÓN FÍSICA
Extensión 135 p.
Otras características físicas il. (algunas a color), mapas
Dimensiones 29 cm.
504 ## - NOTA DE BIBLIOGRAFÍA, ETC.
Nota de bibliografía, etc. Incluye referencias bibliográficas
546 ## - NOTA DE LENGUA/LENGUAJE
Nota de lengua/lenguaje Texto en : español, holandés e inglés
650 14 - PUNTO DE ACCESO ADICIONAL DE MATERIA--TÉRMINO DE MATERIA
Término de materia o nombre geográfico como elemento de entrada Cartografía
Subdivisión de forma Mapas
Subdivisión general Historia
Subdivisión geográfica Países Bajos
9 (RLIN) 21379
651 #4 - PUNTO DE ACCESO ADICIONAL DE MATERIA--NOMBRE GEOGRÁFICO
Nombre geográfico Nueva España
Subdivisión de forma Mapas - Facsímiles
Subdivisión cronológica Trabajos anteriores a 1800
9 (RLIN) 21380
651 #4 - PUNTO DE ACCESO ADICIONAL DE MATERIA--NOMBRE GEOGRÁFICO
Nombre geográfico Nueva España
Subdivisión de forma Mapas
Subdivisión general Geografía histórica
9 (RLIN) 21381
651 #4 - PUNTO DE ACCESO ADICIONAL DE MATERIA--NOMBRE GEOGRÁFICO
Nombre geográfico Norteamérica
Subdivisión de forma Mapas - Facsímiles
Subdivisión general Descubrimiento y exploración
Subdivisión cronológica Trabajos anteriores a 1800
9 (RLIN) 21382
700 1# - PUNTO DE ACCESO ADICIONAL--NOMBRE DE PERSONA
Nombre de persona Sluis, Arjen van der
Término indicativo de función/relación coaut.
9 (RLIN) 9588
700 1# - PUNTO DE ACCESO ADICIONAL--NOMBRE DE PERSONA
Nombre de persona Silkens, Frank
Término indicativo de función/relación tr.
9 (RLIN) 21383
700 1# - PUNTO DE ACCESO ADICIONAL--NOMBRE DE PERSONA
Nombre de persona Nagao Ogawa, Debra Emy
Término indicativo de función/relación tr.
9 (RLIN) 21384
740 0# - PUNTO DE ACCESO ADICIONAL--TÍTULO RELACIONADO O ANALÍTICO NO CONTROLADO
Título relacionado o analítico no controlado Nieuw-Spanje in de Nederlandse Cartografie, XVI-XVIII
740 0# - PUNTO DE ACCESO ADICIONAL--TÍTULO RELACIONADO O ANALÍTICO NO CONTROLADO
Título relacionado o analítico no controlado New Spain in Dutch Cartography XVI to XVIII Centuries
942 ## - ELEMENTOS DE PUNTO DE ACCESO ADICIONAL (KOHA)
Fuente del sistema de clasificación o colocación Library of Congress Classification
Tipo de ítem Koha Libros
Holdings
Estado de retiro Estado de pérdida Estado dañado No para préstamo Localización permanente Ubicación/localización actual Fecha de adquisición Total de préstamos Signatura topográfica completa Código de barras Fecha visto por última vez Precio válido a partir de Tipo de ítem Koha
El ejemplar forma parte de la colección y puede ser consultado según las políticas vigentes.       Biblioteca del Museo Franz Mayer (Rogerio Casas-Alatriste) Biblioteca del Museo Franz Mayer (Rogerio Casas-Alatriste) 28/07/2016   G1102.N4 .P47 2009 02930 22/03/2019 22/03/2019 Libros